|
|
|
|
| LEADER |
00000nam a22000007a 4500 |
| 005 |
2017112300510.0 |
| 007 |
cr|||| |||| |
| 008 |
171123s2017 bl |||||s|||| 00||0 por d |
| 020 |
|
|
|a 978-85-361-9179-9
|
| 035 |
|
|
|a 20921
|
| 040 |
|
|
|a vLex
|
| 090 |
|
|
|c 7246
|d 7246
|
| 100 |
1 |
|
|a Teixeira Filho, Manoel Antonio
|
| 245 |
1 |
2 |
|a A Prova no Processo do Trabalho (de acordo com o novo CPC)
|h [Recurso electrn̤ico]
|c Manoel Antonio Teixeira Filho
|
| 256 |
|
|
|a Servicio en ln̕ea
|
| 260 |
|
|
|a Sô Paulo:
|b LTR,
|c 2017
|
| 300 |
|
|
|a 1 recurso electrn̤ico
|
| 506 |
1 |
|
|a Disponible solo en los productos indicados
|d vLex Global
|d vLex Global (Academic Edition, excluding Law Schools)
|d vLex Global (U.S. Academic Edition, Law Schools)
|d vLex Global (U.S. Academic Edition, excluding Law Schools)
|d vLex Global (Academic Edition, Law Schools)
|
| 650 |
0 |
4 |
|a Procedimiento Laboral
|z Brasil
|
| 740 |
0 |
|
|a vLex Libros (Servicio en ln̕ea)
|
| 856 |
4 |
0 |
|u http://vlex.com/source/prova-processo-trabalho-20921
|z Acceso restringido
|
| 942 |
|
|
|c BOOK
|
| 999 |
0 |
|
|a Labor courts
|